Manažérstvo a finančné prostriedky Európskej únie v potravinárskom podniku dizertačná práca

Salvato in:
Dettagli Bibliografici
Autore principale: Hurný, Jozef
Natura: Libro
Lingua:slovacco
Pubblicazione: Bratislava STU FCHPT 2010
Soggetti:
Accesso online:Visualizza in OPAC
Tags: Aggiungi Tag
Nessun Tag, puoi essere il primo ad aggiungerne!!

MARC

LEADER 00000nam a2200000 a 4500
005 20260127134332.0
008 141024 2011 000 0 slo d
035 |a vtls010630629 
039 9 |a 201410271111  |b mschk03  |c 201410241322  |d mschk03  |y 201410241321  |z mschk03 
040 |a STUSCHK1  |b slo  |c STUSCHK1  |e AACR2 
100 1 |a Hurný, Jozef 
245 1 |a Manažérstvo a finančné prostriedky Európskej únie v potravinárskom podniku  |b dizertačná práca  |c Jozef Hurný 
260 |a Bratislava  |b STU FCHPT  |c 2010 
300 |a 105 s.  |b il.  |c 30 cm 
500 |a Štud. program: Chémia a technológia poživatín 
500 |a Zodpovedná katedra: Odd. potravinárskej technológie 
650 0 |a finančná analýza 
650 0 |a program rozvoja vidieka SR 2007 -- 2013 
650 0 |a eurofondy 
910 |a SCHK95 
999 |c 10157  |d 10157